000 00740nam a2200217Ia 4500
001 8523
003 GE_BSU
008 181216s||||||||xx |||||||||||||| ||und||
040 _cGE_BSU
080 _a821.353.1-32
100 _aზედგინიძე,ელიზბარ.
245 _aრჩეული ორ ტომად.
245 _bტ.2:მოთხრობები
245 _cრედ:ნ.კანდელაკი;მხატვ:ი.დივნოგორცევა-გრიგოლია.
260 _aთბილისი.
260 _bსაბჭ.საქართველო
260 _c1973.
300 _a446გვ;22სმ.
653 _aმოთხრობები.
942 _cBK
999 _c41840
_d41840